| 000 | 00498nam a22001817a 4500 | ||
|---|---|---|---|
| 005 | 20260604154658.0 | ||
| 008 | 260604b |||||||| |||| 00| 0 eng d | ||
| 020 |
_a9789367138014 _c650.00 |
||
| 040 | _aMAIN | ||
| 041 | _aEnglish | ||
| 082 |
_a658.421 _bCHA |
||
| 100 |
_aCharantimath, Poornima M. _917769 |
||
| 245 | _aEntrepreneurship Development And Small Business Enterprises | ||
| 260 |
_aNoida _bPearson _c2026 |
||
| 300 | _a398 | ||
| 650 |
_aManagement (PM USHA) _927020 |
||
| 942 | _cBK | ||
| 999 |
_c61022 _d61022 |
||